The Salt Range and the Potohar Plateau / (Record no. 330983)

000 -LEADER
fixed length control field 01010cam a2200301 a 4500
001 - CONTROL NUMBER
control field 13213581
003 - CONTROL NUMBER IDENTIFIER
control field NUST
005 - DATE AND TIME OF LATEST TRANSACTION
control field 20170825123747.0
008 - FIXED-LENGTH DATA ELEMENTS--GENERAL INFORMATION
fixed length control field 011130s2001 pk a b 000 0 eng
010 ## - LIBRARY OF CONGRESS CONTROL NUMBER
LC control number 2001288968
020 ## - INTERNATIONAL STANDARD BOOK NUMBER
International Standard Book Number 969351257X
025 ## - OVERSEAS ACQUISITION NUMBER
Overseas acquisition number P-E-2001288968 ;12
035 ## - SYSTEM CONTROL NUMBER
System control number (DLC) 2001288968
040 ## - CATALOGING SOURCE
Original cataloging agency DLC
Transcribing agency DLC
042 ## - AUTHENTICATION CODE
Authentication code lcode
043 ## - GEOGRAPHIC AREA CODE
Geographic area code a-pk---
050 00 - LIBRARY OF CONGRESS CALL NUMBER
Classification number DS392.2.S25
Item number R37 2001
082 ## - DEWEY DECIMAL CLASSIFICATION NUMBER
Classification number 954.9142
Author Mark RAS
100 1# - MAIN ENTRY--PERSONAL NAME
Personal name Rashid, Salman,
Dates associated with a name 1952-
9 (RLIN) 3759
245 14 - TITLE STATEMENT
Title The Salt Range and the Potohar Plateau /
Statement of responsibility, etc. Salman Rashid.
260 ## - PUBLICATION, DISTRIBUTION, ETC.
Place of publication, distribution, etc. Lahore :
Name of publisher, distributor, etc. Sang-e-Meel Publications,
Date of publication, distribution, etc. 2001.
300 ## - PHYSICAL DESCRIPTION
Extent 164 p. :
Other physical details col. ill. ;
Dimensions 19 x 25 cm.
504 ## - BIBLIOGRAPHY, ETC. NOTE
Bibliography, etc. note Includes bibliographical references (p. 163-164).
651 #0 - SUBJECT ADDED ENTRY--GEOGRAPHIC NAME
Geographic name Salt Range (Pakistan)
General subdivision History.
9 (RLIN) 4278
651 #0 - SUBJECT ADDED ENTRY--GEOGRAPHIC NAME
Geographic name Potwar (Pakistan)
General subdivision History.
9 (RLIN) 4279
906 ## - LOCAL DATA ELEMENT F, LDF (RLIN)
a 7
b cbc
c origode
d 3
e ncip
f 20
g y-gencatlg
942 ## - ADDED ENTRY ELEMENTS (KOHA)
Source of classification or shelving scheme
Koha item type Book
Holdings
Withdrawn status Lost status Source of classification or shelving scheme Damaged status Not for loan Collection code Permanent Location Current Location Shelving location Date acquired Total Checkouts Full call number Barcode Date last seen Date last checked out Copy number Price effective from Koha item type
            Central Library (CL) Central Library (CL) Book Cart 08/25/2017 1 954.9142 RAS CL2812 10/20/2023 04/23/2020 1 08/25/2017 Book
© 2023 Central Library, National University of Sciences and Technology. All Rights Reserved.